00363nam a22001337a 450000500170000000800410001704100120005808200120007010000130008224500310009526000470012630000310017365000250020420240805134600.0240805b |||||||| |||| 00| 0 eng d aEnglish a349 SOU lEnglish  aSouth African Law Reports  aCape Town: bJuta and Company Ltd, c1943  bviii, 224 pages; c25 cm.  aLegal practice bLaw